| 000 | 00920nam a22002294a 4500 | ||
|---|---|---|---|
| 001 | BIBLIOTECA MUNICIPAL DE BARRANCO | ||
| 007 | ta | ||
| 008 | t pe gr 00| 0 spa d | ||
| 040 | _aBIBLIOTECA MUNICIPAL DE BARRANCO | ||
| 041 | _aspa | ||
| 043 | _cpe | ||
| 082 |
_2382.6 _bR68 1994. |
||
| 100 | _aRivero Herrera, Edgard. | ||
| 245 |
_aYo exporto ... y Ud.? / _cEdgard Rivero Herrera. |
||
| 260 |
_aLima : _bNegocios Internacionales : Centro de Documentación Andina, _c1994. |
||
| 300 |
_a132 p. : _b il. pleg. ; _c21 cm. |
||
| 504 | _aBibliografía: p. 131. | ||
| 520 | _aIndicaciones detalladas para realizar el proceso de exportación, las modalidades de pago, el financiamiento, el embalaje y el transporte, así como los trámites de aduana. | ||
| 650 | 0 |
_96571 _aProcedimiento administrativo-Perú. |
|
| 650 | 0 |
_96572 _aExportación-Perú-Manuales, etc. |
|
| 942 |
_cBK _e2025-02-17 _zAAOH |
||
| 999 |
_c10681 _d10681 |
||